Financial Management In The Sport Industry (Record no. 41725)

MARC details
000 -LEADER
fixed length control field 00328nam a2200121Ia 4500
008 - FIXED-LENGTH DATA ELEMENTS--GENERAL INFORMATION
fixed length control field 241015s9999 xx 000 0 und d
041 ## - LANGUAGE CODE
Language code of text/sound track or separate title eng
082 ## - DEWEY DECIMAL CLASSIFICATION NUMBER
Classification number 338.477 WEB
100 ## - MAIN ENTRY--PERSONAL NAME
Personal name Terry Webb
245 ## - TITLE STATEMENT
Title Financial Management In The Sport Industry
260 ## - PUBLICATION, DISTRIBUTION, ETC.
Name of publisher, distributor, etc. Larsen And Keller Education
Place of publication, distribution, etc. USA
Date of publication, distribution, etc. 2023
300 ## - PHYSICAL DESCRIPTION
Extent 241;. P. 28 cm

No items available.

Designed & Maintained by: LRC IMT Nagpur Contact: lrc@imtnag.ac.in© 2024. All Rights Reserved.